000 01714nam a2200481 i 4500
001 46503
003 KOSZ 005
005 20191024140502.0
008 980623s1998 pl a f f |000 0 pol
015 _aPB 1998/7759
020 _a8320422159
035 _a(PL-WaBN)b10987940-48omnis_nlop
035 _ab10987940
035 _a(OCoLC)750532600
035 _a(PL)b0000001098794
040 _aWA N
_cWA N
_dKOSZ 005/HR
046 _k1998
080 _a621.3.049.77
080 _a621.375
080 _a04.94
080 _a(075.8+076)
100 1 _aAntoszkiewicz, Krzysztof.
_eAutor
245 1 0 _aZbiór zadań z układów elektronicznych liniowych /
_cKrzysztof Antoszkiewicz, Zbigniew Nosal.
260 _aWarszawa :
_bWydawnictwa Naukowo-Techniczne,
_ccop. 1998
_e(Łódź :
_fDWN).
300 _a387, [3] s. :
_brys., wykr. ;
_c24 cm.
336 _2rdacontent
_aTekst
_btxt
337 _2rdamedia
_aBez urządzenia pośredniczącego
_bn
338 _2rdacarrier
_aWolumin
_bnc
380 _aKsiążki
380 _aPublikacje dydaktyczne
385 _mPoziom nauczania
_aSzkoły wyższe
388 _a1901-2000
504 _aBibliogr. s. [389].
521 _aDla studentów kierunków elektroniki i telekomunikacji wyższych szkół technicznych.
658 _aInżynieria i technika
655 7 _aĆwiczenia i zadania dla szkół wyższych
_2DBN
650 7 _aUkład elektroniczny
_2DBN
700 1 _aNosal, Zbigniew
_c(elektronik).
_eAutor
710 2 _aWydawnictwa Naukowo-Techniczne
_4pbl
856 _uhttp://koha.tu.koszalin.pl/cgi-bin/koha/opac-detail.pl?biblionumber=46503
_yKatalog online BPK
942 _2UKD
_cKS
999 _c46503
_d46503